书目信息 |
| 题名: |
双碳通识英语教程
|
|
| 作者: | 刘长江 主编 ;吴婧 , 程义新 , 许阳 编 | |
| 分册: | ||
| 出版信息: | 北京 清华大学出版社 2024.08 |
|
| 页数: | 196页 | |
| 开本: | 26cm | |
| 丛书名: | 高校英语选修课系列教材 | |
| 单 册: | ||
| 中图分类: | H319.3 , TK018 | |
| 科图分类: | ||
| 主题词: | 英语--Ying Yu--语言教学--教材 , 节能--jie neng--英语--高等学校--教材 | |
| 电子资源: | ||
| ISBN: | 978-7-302-66382-9 | |
| 000 | 01344nam 2200349 450 | |
| 001 | CAL 012024103102 | |
| 005 | 20251022100944.04 | |
| 010 | @a978-7-302-66382-9@dCNY58.00 | |
| 099 | @aCAL 012024103102 | |
| 100 | @a20240924d2024 em y0chiy0120 ea | |
| 101 | 0 | @achi@aeng |
| 102 | @aCN@b110000 | |
| 105 | @ay z 000yy | |
| 106 | @ar | |
| 200 | 1 | @a双碳通识英语教程@Ashuang tan tong shi ying yu jiao cheng@d= Approaching carbon peaking and carbon neutrality@f主编刘长江@g编者吴婧, 程义新, 许阳@zeng |
| 210 | @a北京@c清华大学出版社@d2024.08 | |
| 215 | @a196页@d26cm | |
| 225 | 2 | @a高校英语选修课系列教材@Agao xiao ying yu xuan xiu ke xi lie jiao cai |
| 300 | @a本书可作为高等院校本科生和研究生的能源英语类通识课程教材使用, 也可作为“双碳”领域从业人员和广大英语学习爱好者拓展“双碳”通识知识、提高英语综合技能的参考书 | |
| 410 | 0 | @12001 @a高校英语选修课系列教材 |
| 510 | 1 | @aApproaching carbon peaking and carbon neutrality@zeng |
| 606 | 0 | @a英语@AYing Yu@x语言教学@j教材 |
| 606 | 0 | @a节能@Ajie neng@x英语@x高等学校@j教材 |
| 690 | @aH319.3@v5 | |
| 690 | @aTK018@v5 | |
| 701 | 0 | @a刘长江@ALiu Changjiang@4主编 |
| 702 | 0 | @a吴婧@Awu jing@4编 |
| 702 | 0 | @a程义新@Acheng yi xin@4编 |
| 702 | 0 | @a许阳@Axu yang@4编 |
| 801 | 0 | @aCN@c20250919 |
| 905 | @a河南城建学院图书馆@dH319.3@eL592-2@ZL592-2@f1 | |
| 998 | @aPUL | |
| 双碳通识英语教程= Approaching carbon peaking and carbon neutrality/主编刘长江/编者吴婧, 程义新, 许阳.-北京:清华大学出版社,2024.08 |
| 196页;26cm.-(高校英语选修课系列教材) |
| 本书可作为高等院校本科生和研究生的能源英语类通识课程教材使用, 也可作为“双碳”领域从业人员和广大英语学习爱好者拓展“双碳”通识知识、提高英语综合技能的参考书 |
| ISBN 978-7-302-66382-9:CNY58.00 |
| ● |
| 相关链接 |
|
|
|
正题名:双碳通识英语教程
索取号:H319.3/L592-2
 
预约/预借
| 序号 | 登录号 | 条形码 | 馆藏地/架位号 | 状态 | 备注 |
| 1 | 1637696 | 216376963 | 语言库209/209语言库 60排6列2层/ [索取号:H319.3/L592-2] | 在馆 |